Central Library, Doon University
WEBOPAC (ONLINE PUBLIC ACCESS CATALOGUE)

Descriptive Physical Oceanography (Record no. 60713)

MARC details
000 -LEADER
fixed length control field 00620nam a22002297a 4500
005 - DATE & TIME
control field 20260423154455.0
008 - FIXED-LENGTH DATA ELEMENTS--GENERAL INFORMATION
fixed length control field 260423b |||||||| |||| 00| 0 eng d
020 ## - ISBN
International Standard Book Number 9780750645522
Price 9007.49
040 ## - CATALOGING SOURCE
Original cataloging agency Doon University
041 ## - Language
Language English
082 ## - DDC NUMBER
Classification number 551
Book Number TAL
100 ## - MAIN ENTRY--PERSONAL NAME
Personal name Talley, Lynne D.
245 ## - TITLE STATEMENT
Title Descriptive Physical Oceanography
Sub Title : An Introduction
250 ## - EDITION STATEMENT
Edition statement 6th
260 ## - PUBLICATION, DISTRIBUTION, ETC. (IMPRINT)
Place of publication, distribution, etc London
Name of publisher, distributor, etc Elsevier
Date of publication, distribution, etc 2011
300 ## - PHYSICAL DESCRIPTION
Pages 555
650 ## - Subject
Subject Geology (PM USHA)
700 ## - Added Entry Personal Name
Added Entry Personal Name Pickard, George L.
700 ## - Added Entry Personal Name
Added Entry Personal Name Emery, William J.
700 ## - Added Entry Personal Name
Added Entry Personal Name Swift, James H.
942 ## - ADDED ENTRY ELEMENTS (KOHA)
Koha item type Books
100 ## - MAIN ENTRY--PERSONAL NAME
-- 26717
650 ## - Subject
-- 26712
700 ## - Added Entry Personal Name
-- 26718
700 ## - Added Entry Personal Name
-- 26719
700 ## - Added Entry Personal Name
-- 26720
952 ## - LOCATION AND ITEM INFORMATION (KOHA)
-- 2026-04-23
952 ## - LOCATION AND ITEM INFORMATION (KOHA)
-- 2026-04-23
Holdings
Withdrawn status Lost status Source of classification or shelving scheme Damaged status Not for loan Location (home branch) Sublocation or collection (holding branch) Date acquired Koha issues (times borrowed) Koha full call number Accession No. Koha date last seen Koha item type
          Doon University Doon University 23.04.2026   551 TAL 32945 23.04.2026 Books
          Doon University Doon University 23.04.2026   551 TAL 32946 23.04.2026 Books
Contact : +91-135-2533126 (Library),+91-135-2533105 (Admin Office) , Email : doonlibrary@gmail.com

Powered by Koha